[Event "Enghien les Bains 2nd"]
[Site "Enghien les Bains"]
[Date "1997.03.16"]
[Round "3"]
[White "Nataf, Igor Alexandre"]
[Black "Kortschnoj, Viktor Lvovich"]
[Result "0-1"]
[WhiteElo "2410"]
[BlackElo "2635"]
[Annotator "Gershon,A"]
[PlyCount "77"]
[EventDate "1997.03.14"]
[EventType "tourn"]
[EventRounds "9"]
[EventCountry "FRA"]
[EventCategory "10"]
[SourceTitle "CBM 058"]
[Source "ChessBase"]
[SourceDate "1997.06.01"]
[SourceVersion "1"]
[SourceVersionDate "1997.06.01"]
[SourceQuality "1"]

1. e4 {Kortschnoj} e6 2. d4 d5 3. Nc3 Bb4 4. exd5 exd5 5. Bd3 Ne7 (5... c5 $6 {
Kortschnoj} 6. dxc5 d4 7. a3 Qa5 8. axb4 Qxa1 9. Nb5 $16) 6. Qh5 c5 (6... Nd7 {
Kortschnoj} 7. Bg5 $36) 7. dxc5 (7. Nf3 c4 8. Ne5 (8. Be2 Bf5 9. Bg5 Nbc6 10.
Ne5 Nxe5 11. dxe5 Bxc2 12. O-O O-O 13. Bf3 Bxc3 14. bxc3 Re8 15. Qg4 Qc8 16.
Qxc8 Raxc8 17. Bxe7 Rxe7 18. Bxd5 Rc5 $17 {Dvoirys,S-Lputian,S/Kharkov URS sf
1985/0-1}) 8... Be6 9. Be2 Nbc6 (9... O-O $5 10. O-O Nd7 11. Bg5 $6 (11. f4 $5
$13) 11... f6 12. Nxd7 Qxd7 13. Bf4 Bf5 14. Rac1 Rae8 15. Bf3 Bxc3 16. bxc3 g5
17. Bd2 Bg6 18. Qg4 Nf5 19. Qh3 Qf7 $17 {0-1 Gil Gonzales,J-Conquest,S/Oviedo
45' (08) ;TD 92\09 1992 (25)}) 10. Bg4 O-O 11. Bxe6 fxe6 12. Nxc6 Nxc6 13. Qg4
e5 14. O-O Nxd4 15. Bg5 Qd6 16. Rad1 h6 17. Nxd5 Qxd5 18. Bxh6 Qf7 19. c3 Nf5
20. Bxg7 Nxg7 21. cxb4 Rad8 $17 {Cuartas,C-Vaganian,R/Reggio Emilia(13) 1981/
0-1 (42)}) (7. a3 $6 {>< <<} Bxc3+ 8. bxc3 c4 {>< c2} 9. Be2 Bf5 10. Bd1 (10.
Nh3 Bxc2 11. O-O O-O 12. Nf4 Bg6 13. Qg5 h6 14. Qg3 Nd7 15. Nxg6 Nxg6 16. Bf3
Nf6 $17 {Grabuzova,T-Kovalevskaya,E/Memorial Alekhine (open), Moscow (3) 1996/
1/2-1/2 (56)}) 10... Nbc6 11. Ne2 Qd7 12. Ng3 Bg6 13. Qf3 Nf5 14. Nxf5 Bxf5 15.
Qe3+ Ne7 16. f3 O-O-O 17. O-O f6 $15 {[%csl Gd1] Smyslov,V-Portisch,L/Reggio
Emilia 43/328 1986/1/2-1/2 (51)}) 7... Nd7 (7... d4 8. a3 Qa5 9. axb4 $5 {
An interesting sacrifise! At the first sight white has nothing seriuos for the
exchange but the fact that both,black king and a queen are stucked exactly in
places black woudn't like to see them compensates very well the sacrifised
matirial.} (9. Rb1 dxc3 (9... Bxc5 $2 10. Bb5+ $5 (10. b4 Qd8 11. Qxc5 dxc3 12.
Qxc3 $18 O-O $2 13. Bb2 f6 14. Rd1 $18) 10... Kf8 $1 (10... Nbc6 11. b4 Qc7 12.
Qxc5 dxc3 13. Qxc3 $18) 11. Qxc5 dxc3 12. b4 Na6 $4 13. Qxe7+ {1-0 Georgiev,
Vl-Ansell,S/WchJM-U18 Duisburg (01) ;TD 92\06 1992}) (9... Bxc3+ 10. bxc3 Qxc3+
11. Kd1 $16) 10. axb4 Qxb4 11. Ne2 Nd7 12. Nxc3 Qxc5 13. Qh4 Ne5 14. Bb5+ Bd7
15. Be3 Qc8 16. O-O $32 $16 {[%csl Ge8] 1-0 Rivas Pastor,M-Vargas Garcia,J/
Malaga op (02) 1991}) 9... Qxa1 10. Nce2 Nbc6 $146 (10... Qa2 11. Nxd4 Qd5 12.
Qxd5 Nxd5 13. c3 O-O 14. Ngf3 a5 15. b5 Nd7 16. Bc4 Re8+ 17. Kd1 $13 {1-0
Ziatdinov,R-Komarov,D/Biel op (03) ;1991 ; White has very dangerous pawns on
the queen side, and a pair of bishops in addision which fully compensate the
exchange.}) 11. Nf3 Nxb4 12. Bb5+ Nbc6 13. O-O Qa5 14. Nexd4 Bd7 15. Bc4 $1 g6
(15... O-O $6 16. Ng5 h6 17. Nxf7 Kh7 18. Bd3+ $18) 16. Qg5 Nxd4 (16... O-O $6
17. Qf6 {/\ Bh6+-}) 17. Nxd4 Rf8 $5 18. c6 $1 (18. Be3 $2 f6 $13 {1-0 Glek,
I-Schmidt,Wl/Lippstadt ;CBM 31 1992 (34)}) 18... Nxc6 $8 19. Nb5 $1 f6 20. Qf4
Kd8 21. Bd2 Qb6 22. Be3 Qa5 23. Bc5 $36) 8. Nge2 {Kortschnoj: A quiet
continuation} (8. Bg5 $5 Nxc5 9. Bb5+ Bd7 10. O-O-O {Kortschnoj: was much more
agressive.}) 8... Nxc5 9. Bb5+ Bd7 10. O-O Bxb5 (10... O-O 11. Bxd7 Qxd7 12.
Bg5 Bxc3 13. Bxe7 Qxe7 14. Nxc3 d4 15. Rae1 Ne6 16. Nd5 Qd6 17. Qe5 Qc5 18. Qf5
Qd6 $14 {Gdanski,J-Socko,B/Poland ch(10) 1996/1/2-1/2 (55)}) 11. Nxb5 Ne4 $11 {
Kortschnoj} (11... Ne6 12. Nf4 Nxf4 13. Bxf4 {Is in white's favour since, the
more active pieces he changes the bigger his advantage will be.Unlike the game,
here white has very well placed pieces, and the isolated pawn of black's will
be a nice object for white's further play.}) 12. Nf4 O-O 13. Be3 a6 {It's
important to bring the bishop back to d6-the natural place for bishop from
where he will take a major part in black's strategy.} 14. Nd4 Bd6 15. Nf5 (15.
Rad1 Qc7 16. Nfe2 Rad8 $10) 15... Nf6 16. Qg5 Nxf5 17. Qxf5 Re8 (17... Qc8 $1
18. Qxc8 Raxc8 19. c3 d4 20. cxd4 Rc2 21. Rab1 Nd5 $44) 18. Rfd1 Qc7 19. g3 (
19. Nxd5 Nxd5 20. Rxd5 Bxh2+ 21. Kh1 Re5 22. Rxe5 Bxe5 23. c3 Rd8 $15 {[%csl
Gh1]}) 19... Re5 {Now, althogh there are not much pieces left on the board,the
black ones are very well coordinated and compensate the isolated pawn.} 20. Qd3
Bc5 (20... Rae8 21. c4 {[%csl Gd6]} Ng4 22. Nxd5 Qc6 23. Bd4 $16) 21. Bxc5 $2 {
Kortschnoj} (21. Qc3 $142 {Kortschnoj} Ne4 22. Qb3 Bxe3 23. fxe3 Nf6 24. Nxd5
Nxd5 25. Rxd5 Rxd5 26. Qxd5 $16) 21... Qxc5 22. c3 $2 {White has to change as
many pieces as he can!} (22. Re1 $142 Rae8 23. Rxe5 Rxe5 24. Rd1 $14) 22...
Rae8 23. Qd4 Qb5 $15 {Kortschnoj} 24. a4 (24. b3 $10) 24... Qc6 25. Rac1 h6 26.
b3 Re4 27. Qd3 g5 $5 28. Ng2 Ng4 {[%csl Gg1]} (28... Qe6 29. Ne3 Qh3 30. Qf1
Qxf1+ 31. Nxf1) 29. h3 $8 {Kortschnoj} (29. f3 $4 {Kortschnoj} Qb6+ $19) (29.
Qxd5 $4 {Kortschnoj} Re1+ $19) (29. Re1 {Kortschnoj} Ne5 30. Qd1 Qf6 $17) 29...
Ne5 30. Qxd5 (30. Qb1 Nf3+ 31. Kf1 Qe6 $17) 30... Nf3+ 31. Kf1 Re1+ $2 {
Unbelievably this natural continuation gives black only a draw!} (31... Qc8
$142 $1 32. Qd7 (32. g4 $140 Qc7 $1 {[%cal Gd6h2]} 33. Qd6 Re1+ 34. Nxe1 Rxe1+
35. Kg2 Qxd6 36. Rxd6 Nh4+ $19) 32... Qc5 $5 {[%cal Ge4e2]} (32... Re1+ 33.
Nxe1 Rxe1+ 34. Kg2 Qxd7 35. Rxd7 Rxc1 36. Kxf3 Rxc3+ 37. Kg4 Rxb3 38. Kh5 Kg7
39. Rd6 {-game}) 33. Ne3 (33. Qxb7 $2 Qf5 $1 34. Qd7 R8e6 35. Qd8+ Kh7 36. g4
Qe5 37. Ne3 Qh2 $19 {[%csl Ge3]}) 33... Rxe3 34. fxe3 Qxe3 $19) 32. Nxe1 Rxe1+
33. Kg2 Qxd5 34. Rxd5 Rxc1 35. Kxf3 Rxc3+ 36. Kg4 Rxb3 37. Kh5 (37. Rd6 $142 {
Kortschnoj}) 37... Kg7 (37... Rb6 $15 {Kortschnoj}) 38. Rd6 Rf3 39. Rxh6 $138 (
39. Rxh6 Rxf2 (39... Rf6 40. Rxf6 Kxf6 41. a5 $18) (39... f6 {Kortschnoj} 40.
Rg6+ Kf7 41. Kh6 $11) 40. Rb6 Ra2 41. Rxb7 Rxa4 $10) 0-1

[Event "Enghien les Bains 2nd"]
[Site "Enghien les Bains"]
[Date "1997.03.17"]
[Round "4"]
[White "Kortschnoj, Viktor Lvovich"]
[Black "Ivanov, Mikhail M"]
[Result "1-0"]
[WhiteElo "2635"]
[BlackElo "2500"]
[Annotator "Kortschnoj,V"]
[PlyCount "79"]
[EventDate "1997.03.14"]
[EventType "tourn"]
[EventRounds "9"]
[EventCountry "FRA"]
[EventCategory "10"]
[SourceTitle "CBM 058"]
[Source "ChessBase"]
[SourceDate "1997.06.01"]
[SourceVersion "1"]
[SourceVersionDate "1997.06.01"]
[SourceQuality "1"]

1. d4 {Huzman} Nf6 2. c4 g6 3. Nc3 Bg7 4. e4 d6 5. Be2 O-O 6. Nf3 e5 7. O-O Nc6
8. d5 Ne7 9. Ne1 Nd7 10. Be3 f5 11. f3 f4 12. Bf2 g5 13. Rc1 Ng6 14. c5 {Kozul}
(14. b4 Nf6 15. c5 Rf7 16. a4 Bf8 17. cxd6 Bxd6 18. Nd3 Rg7 19. Kh1 $2 {
0-1 Miles,A-Ree,H/Amsterdam 1982/MCL 07 (43)} (19. Nc5 $142)) 14... Nxc5 (14...
dxc5 15. Nd3 b6 16. b4 $16) 15. b4 Na6 (15... Nd7 16. Nb5 $16) 16. Nb5 (16. Nd3
h5 17. Nb5 Bd7 18. a4 Bh6 19. Rc3 b6 20. Be1 Rf7 21. Nf2 Nh4 22. Nxd6 cxd6 23.
Bxa6 Qe8 24. Qe2 g4 {1/2-1/2 Piket,J-Kasparov,G/Ciudad de Linares XIV 1997/CBM
57 (51)}) 16... Bd7 17. Nxa7 (17. Qa4 h5 (17... g4 18. fxg4 (18. Qa5 $2 g3 19.
hxg3 fxg3 20. Bxg3 Qg5 $19) 18... f3 19. gxf3 (19. Bxf3 $2 Qe8 $19) 19... Nf4
20. Qd1 Nxb4 (20... h5 $1 21. Kh1 (21. Nc3 hxg4 22. fxg4 Qg5 $17 {->}) (21. Be3
hxg4 22. fxg4 Nxe2+ 23. Qxe2 Rxf1+ 24. Qxf1 Qh4 $17) 21... hxg4 22. Nc3 $1 (22.
fxg4 Nxe2 23. Qxe2 Qg5 24. Rc3 $8 Bxg4 $17) 22... Nxe2 (22... Bh6 23. Rb1 Nxe2
24. Nxe2 gxf3 25. Rg1+ Kh8 26. Ng3 {/\ Rb3~~ פa6}) 23. Qxe2 gxf3 24. Qd2 $5
Qf6 25. Nd1 (25. Rg1 Kh7 26. Nd1 Bh6 27. Ne3 Qf4 $17) 25... Qg6 $1 (25... Bh6
26. Be3 {/\ Nf2~/= <->g}) 26. Rg1 (26. Qd3 Rf4 $17 {><e4}) 26... Qxe4 27. Ne3
Qxb4 $5 (27... Rf6 $2 28. Rc4 Qh7 29. Rh4 Rh6 30. Nf5 $1 Rxh4 31. Rxg7+ $18) (
27... Qh7 $6 28. Rg3 e4 $8 29. N1c2 $1 {/\ Nd4-e6} Kf7 30. Ng4 $1 {/\ Bd4~/=
פa6}) 28. Qxb4 Nxb4 29. Rxc7 Rf7 30. Rxb7 $14 {1/2-1/2 Kozul,Z-Fedorowicz,J/
Wijk aan Zee 1991 (40)}) (20... Bh6 21. Rb1 $1 $13) 21. Nc3 a5 22. Kh1 {
1-0 Kozul,Z-Cvitan,O/JUG-Cup Pula 1990/TD 90\01 (38)} (22. Kh1 {Huzman} Na6 23.
Bxa6 Rxa6 24. Ng2 Ra8 25. Nxf4 exf4 26. Bd4 $16 {+/- Kozul,Z-Cvitan,O/
Jugoslavija 1990})) (17... Rf7 18. Qa5 Bxb5 19. Bxb5 Nb8 20. Rc3 {/\ Nd3,
Rfc1~/=}) 18. h3 Bf6 19. Qa5 g4 20. fxg4 hxg4 21. Bxg4 Bxg4 22. hxg4 Rf7 23.
Nf3 Rh7 24. Rc3 {1-0 Chernuschevich,A-Oral,T/WchJM-U16 Bratislava 1993/TD
93\05 (68)}) 17... h5 (17... Nxb4 $2 18. Qb3 Na6 (18... Qb8 {Huzman} 19. Qxb4
Rxa7 20. Bxa7 Qxa7+ 21. Kh1 $16) 19. Qxb7 $16) (17... g4 18. fxg4 f3 19. Nxf3 (
19. gxf3 $5) 19... Bxg4 (19... Nf4 $2 20. Bxa6 bxa6 21. Nc6 Qe8 22. h3 $16) 20.
Bxa6 bxa6 21. Nc6 Qe8 22. Bg3 $14) (17... Qb8 18. Nb5 (18. Bb5 {Huzman} Bxb5 (
18... Rd8 19. Bxd7 (19. Qa4 $5 Nc5 20. bxc5 Rxa7 21. Qb3 Bxb5 22. Qxb5 Rxa2 23.
cxd6 $44) 19... Rxd7 20. Qa4 Rf7 21. Nb5 $14) 19. Nxb5 Nxb4 20. Rxc7 (20. Nxc7
$5 Nxa2 21. Rc4 $44) 20... Ra5 21. a4 (21. Rd7 $5) 21... Rxb5 22. Rxg7+ Kxg7
23. axb5 $16) 18... Nxb4 19. Nxc7 Rxa2 20. Bb5 $1 $44) 18. a3 g4 {It's
non-prepared advance,which gives the white opportunity to get a decisive
initiative at the queen's side.} (18... Rf7 $142 $13) 19. fxg4 f3 20. Bxf3 hxg4
21. Bxg4 Rxf2 22. Rxf2 Rxa7 23. Rc3 Ra8 24. Rg3 Nf4 25. Nc2 Qe7 26. Ne3 Rf8 27.
Bxd7 Qxd7 28. Rg5 (28. Nf5 {Huzman} Rxf5 29. exf5 Qxf5) 28... c6 (28... c5 $142
29. Rf3 Nc7 30. bxc5 dxc5 31. Nf5 Ne8 32. Rfg3 $18) 29. Nf5 Rxf5 30. Rxf5 cxd5
(30... Nc7 {Huzman} 31. Qg4 Qe7 32. g3 $18) 31. R2xf4 exf4 32. Qxd5+ Kh7 33.
Rxf4 Qe7 (33... Nc7 {Huzman} 34. Qf7 Qxf7 35. Rxf7 Nb5 36. a4 Nc3 37. a5 $16)
34. Rf7 Qh4 35. g3 Qd8 (35... Qh6 {Huzman} 36. Rf4 Qg6 37. Rh4+ Bh6 38. Qxb7+
$18) 36. Qxb7 Qg5 37. Rf4 Qe5 38. Qf7 Qd4+ 39. Kg2 Qb2+ 40. Kh3 1-0

[Event "Enghien les Bains 2nd"]
[Site "Enghien les Bains"]
[Date "1997.03.19"]
[Round "6"]
[White "Kortschnoj, Viktor Lvovich"]
[Black "Anic, Darko"]
[Result "1-0"]
[WhiteElo "2635"]
[BlackElo "2470"]
[Annotator "Kortschnoj,V"]
[PlyCount "91"]
[EventDate "1997.03.14"]
[EventType "tourn"]
[EventRounds "9"]
[EventCountry "FRA"]
[EventCategory "10"]
[SourceTitle "CBM 058"]
[Source "ChessBase"]
[SourceDate "1997.06.01"]
[SourceVersion "1"]
[SourceVersionDate "1997.06.01"]
[SourceQuality "1"]

1. d4 {Lutz Petursson} Nf6 2. c4 c6 3. Nc3 d5 4. Nf3 e6 5. Bg5 h6 6. Bxf6 Qxf6
7. e3 Nd7 8. Bd3 g6 9. O-O Bg7 (9... dxc4 {Lutz} 10. Bxc4 Bg7 11. e4 e5) 10. e4
(10. cxd5 exd5 11. b4 $14) 10... dxc4 $6 (10... dxe4 11. Nxe4 Qe7 (11... Qf4
$142 $1 $11) 12. c5 O-O 13. Re1 $14) 11. e5 {Um dies zu vermeiden, spielt
Schwarz in der Regel 9...d:c4.} Qe7 12. Bxc4 O-O 13. Re1 Rd8 14. Qe2 (14. Bd3 {
Lutz} b6 15. Qe2 a5 16. Rac1 Bb7 17. Be4 Rab8 18. h4 Rdc8 19. g3 Ba8 20. Rcd1
Rd8 21. Qe3 Rbc8 22. Qf4 b5 23. Qe3 Nb6 24. h5 g5 25. Rc1 Bb7 {1/2-1/2
Beliavsky,A-Ehlvest,J/Novosibirsk 1995}) 14... Nb6 {Schwarz öffnet die
Stellung, obwohl er unterentwickelt ist. Schwarz sollte sich ähnlich zu
Beliavsky,A-Ehlvest,J aufbauen.} (14... a5 $5 {Lutz} 15. Rad1 b6 $14) 15. Bb3
c5 16. dxc5 Qxc5 17. Ne4 Qb4 $6 (17... Qe7 $5) 18. Nd6 a5 $2 (18... Nd7 $142 $1
19. Rac1 Nxe5 20. Nxe5 Rxd6 (20... Qxd6 $2 21. Nxf7 $1 Kxf7 22. Rxc8 $1 $18)
21. Nxf7 Kxf7 22. Rxc8 Qxe1+ $1 23. Qxe1 Rxc8 24. g3 $13) 19. Rad1 a4 20. Rd4
$16 Qc5 21. Bc2 a3 22. Red1 {/\ Ne4} Rf8 23. b4 Qc7 24. h4 Bd7 25. b5 Nd5 26.
Qd3 {/\ h5} h5 $2 (26... Qa5 $142 27. h5 Nb4 28. Rxb4 Qxb4 29. hxg6 $40) 27.
Bb3 Nb6 {White has built up an overwhelming position, but here he does not
play the very strongest move.} 28. Ng5 (28. Nxf7 $1 {Petursson} Rxf7 29. Qxg6
Rxf3 30. gxf3 Be8 31. Qxe6+ Bf7 32. Rd8+ Rxd8 33. Rxd8+ Qxd8 34. Qxf7+ Kh7 35.
Qf5+ Kh6 36. Bf7 $18) 28... Bxe5 (28... Be8 $16 {Petursson}) 29. Ndxf7 $18 (29.
Ngxf7 $1 {Petursson} Bxd4 (29... Rxf7 30. Qxg6+ Rg7 31. Bxe6+ Bxe6 32. Qxe6+
Kh8 33. Qxe5 $18) 30. Qxg6+ Bg7 31. Nh6+ Kh8 32. Bc2 Qxc2 33. Qxc2 Bxh6 34. Qc7
$18) 29... Rxf7 30. Rxd7 $6 {30.Dg6 Tg7 31.Le6 Le6 32.De6 +-} (30. Nxf7 $6 {
Petursson} Kxf7 31. Rxd7+ Nxd7 32. Qxd7+ Qxd7 33. Rxd7+ Kf6 34. Rxb7 Rb8 $1 $16
) (30. Qxg6+ $1 {Petursson} Rg7 31. Bxe6+ Bxe6 32. Qxe6+ Kh8 33. Qh6+ Kg8 34.
Ne6 Qc2 35. Nxg7 Bxd4 36. Rxd4 Qxa2 37. Qg5 $18) 30... Rxd7 31. Bxe6+ (31.
Qxg6+ {Petursson Also winning easily} Rg7 32. Qxe6+ Kh8 (32... Kf8 33. Nh7+
Rxh7 34. Qg8+ Ke7 35. Qxh7+ Bg7 36. Qxg7+ Ke8 37. Qg8+ Ke7 38. Qf7#) 33. Qh6+
Rh7 34. Nxh7 Qxh7 35. Qxb6 $18) 31... Kg7 32. Bxd7 Qxd7 33. Qxd7+ Nxd7 34.
Rxd7+ Kg8 $16 35. Nf3 $1 Bg7 36. b6 Rc8 37. Rc7 Re8 (37... Rb8 38. Kf1 $16) 38.
Rxb7 Re2 39. Rb8+ Kf7 40. b7 Rb2 41. g3 Bf6 42. Ra8 Rxb7 43. Rxa3 Rb2 44. Ra6
Kg7 45. Kf1 Bd8 46. Ne5 $1 (46. Ne5 Bb6 (46... Bf6 47. f4 $18) 47. Nd3 $18) 1-0

[Event "Baden Casino op 2nd"]
[Site "Baden"]
[Date "1997.??.??"]
[Round "?"]
[White "Kortschnoj, Viktor Lvovich"]
[Black "Liardet, Fabrice"]
[Result "1-0"]
[WhiteElo "2635"]
[BlackElo "2330"]
[PlyCount "21"]
[EventDate "1997.04.??"]
[EventType "swiss"]
[EventRounds "9"]
[EventCountry "SUI"]
[SourceTitle "EXT 1999"]
[Source "ChessBase"]
[SourceDate "1998.11.16"]
[SourceVersion "1"]
[SourceVersionDate "1998.11.16"]
[SourceQuality "1"]

1. Nf3 Nf6 2. c4 c5 3. Nc3 g6 4. e4 d6 5. d4 cxd4 6. Nxd4 Bg7 7. Be2 O-O 8. O-O
Nc6 9. Be3 Ng4 10. Bxg4 Bxg4 11. Nxc6 1-0

[Event "Baden Casino op 2nd"]
[Site "Baden"]
[Date "1997.??.??"]
[Round "?"]
[White "Kortschnoj, Viktor Lvovich"]
[Black "Pikula, Dejan"]
[Result "1-0"]
[WhiteElo "2635"]
[BlackElo "2495"]
[PlyCount "109"]
[EventDate "1997.04.??"]
[EventType "swiss"]
[EventRounds "9"]
[EventCountry "SUI"]
[SourceTitle "EXT 1999"]
[Source "ChessBase"]
[SourceDate "1998.11.16"]
[SourceVersion "1"]
[SourceVersionDate "1998.11.16"]
[SourceQuality "1"]

1. d4 Nf6 2. c4 g6 3. Nc3 Bg7 4. e4 d6 5. Be2 O-O 6. Nf3 e5 7. O-O Nc6 8. d5
Ne7 9. Ne1 Nd7 10. Be3 f5 11. f3 f4 12. Bf2 g5 13. Rc1 Kh8 14. b4 Nf6 15. c5
Neg8 16. cxd6 cxd6 17. Nb5 Ne8 18. Nxa7 Bd7 19. a4 h5 20. Nb5 Nh6 21. a5 g4 22.
Na3 Qg5 23. Bb5 Bxb5 24. Nxb5 g3 25. Bb6 gxh2+ 26. Kxh2 Qh4+ 27. Kg1 Rf6 28.
Rc3 Rg6 29. Rf2 Nf6 30. Nxd6 Nfg4 31. fxg4 hxg4 32. Bc5 g3 33. Rff3 Rd8 34.
Nxb7 Rd7 35. Qa4 Rxb7 36. a6 Rb8 37. a7 Ra8 38. Qd7 Ng4 39. Qb7 Qd8 40. Rfd3
Rh6 41. Nf3 Kh7 42. d6 Qe8 43. Ng5+ Kg6 44. Rxg3 fxg3 45. Rxg3 Bf6 46. Rxg4 Kh5
47. Rg3 Bxg5 48. Rxg5+ Kxg5 49. Qg7+ Kf4 50. Qxh6+ Kxe4 51. Qh7+ Kd5 52. d7 Qd8
53. Qf7+ Kc6 54. Qe6+ Kb7 55. Qd5+ 1-0

[Event "EU-chT (Men) 11th"]
[Site "Pula"]
[Date "1997.05.??"]
[Round "6.1"]
[White "Kortschnoj, Viktor Lvovich"]
[Black "Stanec, Nikolaus"]
[Result "1-0"]
[WhiteElo "2635"]
[BlackElo "2460"]
[Annotator "Psakhis,L"]
[PlyCount "81"]
[EventDate "1997.05.05"]
[EventType "team-swiss"]
[EventRounds "9"]
[EventCountry "CRO"]
[SourceTitle "CBM 057 Extra"]
[Source "ChessBase"]
[SourceDate "1997.05.01"]
[SourceVersion "1"]
[SourceVersionDate "1997.05.01"]
[SourceQuality "1"]
[WhiteTeam "Switzerland"]
[BlackTeam "Austria"]
[WhiteTeamCountry "SUI"]
[BlackTeamCountry "AUT"]

1. d4 Nf6 2. c4 e6 3. Nc3 Bb4 4. e3 c5 5. Nge2 cxd4 6. exd4 d5 7. c5 Ne4 8. Bd2
Nxd2 9. Qxd2 Qf6 10. a3 Bxc3 {N/ It looks, that after this move it is easy to
get advantage for White than after stubborn} (10... Ba5 {For example:} 11. b4 (
11. g3 O-O $146 (11... Qf3 12. Rg1 Nc6 13. b4 Bc7 14. Bg2 Qf6 15. f4 O-O 16.
Rf1 Ne7 17. Rc1 Bd7 18. Rf2 Qh6 19. Kf1 Kh8 20. Kg1 f5 21. b5 {Knaak,R-van der
Wiel,J/Palma de Mallorca (GMA) 1989} Ng8 $1 $13 {/\Nf6-e4}) 12. Bg2 Nc6 13. O-O
g6 (13... Bxc3 $5 14. Qxc3 Bd7 15. b4 Rfc8 {/\ Ne7, b6}) 14. Rad1 a6 15. f4 Bd8
16. b4 Qg7 17. Kh1 b6 18. Na4 $1 (18. g4 $2 bxc5 19. dxc5 Kh8 20. f5 $6 (20.
Ng1 $5) 20... gxf5 21. gxf5 Bg5 {1-0 Beliavsky,A-Wojtkiewicz,A/Graz 1996 (36)})
18... bxc5 19. Nxc5 $16) 11... Bd8 (11... Bc7 $2 12. Nb5 Qe7 13. Nxc7+ Qxc7 14.
Nc3 $16) 12. g3 (12. Ng1 $6 O-O 13. Nf3 b6 $1 14. Be2 bxc5 15. dxc5 (15. bxc5
Nc6 16. Rb1 a6 $1 {Sokolov,I} (16... Ba5 $6 17. O-O $14) 17. O-O g5 $5 $132 {
/\ 18...g4, 18...Qg7} (17... Bc7)) 15... Nc6 (15... Be7 16. O-O Rd8 17. Rac1
Bb7 18. Na4 $1 d4 19. b5 $36 {<<}) 16. O-O Bc7 17. b5 $6 Ne5 18. Nd4 {/\ f4} (
18. Nxe5 $2 Bxe5 19. Rac1 Bf4 $17) (18. Rab1 Rb8 {/\ Ba5}) 18... Nd7 $1 {
0-1 Sokolov,I-Van der Wiel,J/NLD-ch Amsterdam 1996 (26)}) (12. Qe3 O-O 13. g3
b6 14. Bg2 bxc5 15. dxc5 Ba6 16. O-O Bc4 17. Rfd1 Nc6 18. f4 Rb8 19. Rab1 g5
20. b5 gxf4 21. Nxf4 Qe5 22. Qd2 Ba5 $17 {Giddins-Van Der Wiel /Memorial
Donner (open) Amsterdam 1995}) 12... Qf3 13. Rg1 Qf6 14. Qe3 O-O 15. g4 g6 16.
g5 Qg7 {1/2-1/2 Vaiser,A-Van der Wiel,J/Brussels zt 1993}) 11. Nxc3 $14 O-O 12.
Bb5 $1 b6 (12... Bd7 13. Bxd7 (13. Be2 $5) 13... Nxd7 14. b4 $14) 13. cxb6 {
Aslo very promising looks} (13. b4 $5 $36 {with strong preasure on the queen
side.}) 13... axb6 14. Rc1 Bd7 15. O-O g6 (15... Rc8 $5) 16. Rfe1 {Maybe
white's advantage is not so great, but it is vey little pleasure to play this
position with black pieces.} Kg7 17. Re3 Qf4 18. Ne2 $1 Qf6 19. Bxd7 (19. Rf3
$5 Qe7 20. Rh3 $40) 19... Nxd7 20. Rc7 Qd8 21. Rec3 {[%cal Gc1c8]} Nf6 22. Nf4
$16 {[%cal Rf4e6]} Re8 23. Nd3 {[%csl Ge5]} (23. R3c6 e5 24. dxe5 Rxe5 25. Nd3
Re6 $5) 23... Re7 24. Rxe7 Qxe7 25. Rc6 {[%csl Rb6]} Qb7 {Too passive.Better
chances for successfull defence gives active} (25... Ne4 $5 26. Qf4 Ra4) 26.
Qc2 Ne8 27. h4 $1 {[%cal Rh4h5]} h5 28. Ne5 Rd8 29. a4 Rb8 {Stanec has just to
wait and Kortchnoi slowly but surely improves his position.} (29... Ra8 30. b3
b5 31. axb5 Qxb5 $140 32. Rxe6 $1) 30. Rc3 Ra8 31. Rc6 Rb8 32. g3 Qe7 33. Kg2
Qb7 34. b3 Qe7 35. b4 $1 Rb7 (35... Qxb4 36. Rxe6 $1 {[%cal Re6g6]} Kf8 (36...
Nf6 $2 37. Rxf6 $18) 37. Nxf7 $1 Ng7 38. Rf6 $18) 36. b5 Nd6 37. a5 $1 bxa5 38.
b6 Qd8 (38... Nb5 39. Qc5 Qxc5 40. dxc5 a4 (40... Kf6 41. f4 Kf5 42. Rc8) (
40... Rb8 41. Nd7 Rb7 42. Rc8 $1 Rxd7 43. c6 $18) 41. Rc8 a3 42. Ra8 $18) 39.
Qc5 Nc4 (39... Ne4 40. Qxa5) (39... Nf5 40. Rc7 $18) 40. Rc7 Qb8 41. Qe7 1-0